000
00271nam a2200097Ia 4500
082
_a
658 NUTT
245
0
_a
Career Award, Business Standard level
100
_a
NUTTALL, Chris J. Cambridge, 2003
_9
93293
942
_c
BK
008
210817s9999 xx 000 0 und d
999
_c
381160
_d
381159